Vancouver Canucks Leaders - Statistics

General Stats
  • This quiz has been taken 106 times
    26 since last reset
  • The average score is 52 of 100
Answer Stats
Stat Number Answer % Correct
Most Goals 393 Daniel Sedin
95%
Most Assists 648 Daniel Sedin
95%
Most Points 1041 Daniel Sedin
95%
Most Games Played 1306 Daniel Sedin
95%
Most Game Winning Goals 86 Daniel Sedin
95%
Most Goals 240 Henrik Sedin
95%
Most Assists 830 Henrik Sedin
95%
Most Points 1070 Henrik Sedin
95%
Most Games Played 1330 Henrik Sedin
95%
Most Game Winning Goals 38 Henrik Sedin
95%
Most Games Played (Goalie) 448 Roberto Luongo
95%
Most Wins 252 Roberto Luongo
95%
Most Shutouts 38 Roberto Luongo
95%
Best Career Save Percentage .919 Roberto Luongo
95%
Best Career Goals Against Average 2.36 Roberto Luongo
95%
Most Games Played (Goalie) 262 Thatcher Demko
91%
Most Wins 134 Thatcher Demko
91%
Most Shutouts 10 Thatcher Demko
91%
Best Career Save Percentage .909 Thatcher Demko
91%
Best Career Goals Against Average 2.81 Thatcher Demko
91%
Most Assists 371 Quinn Hughes
86%
Most Goals 200 Elias Pettersson
82%
Most Assists 308 Elias Pettersson
82%
Most Points 508 Elias Pettersson
82%
Most Game Winning Goals 33 Elias Pettersson
82%
Most Goals 254 Pavel Bure
77%
Most Points 478 Pavel Bure
77%
Most Game Winning Goals 32 Pavel Bure
77%
Most Games Played (Goalie) 150 Ryan Miller
77%
Most Wins 64 Ryan Miller
77%
Most Shutouts 10 Ryan Miller
77%
Best Career Save Percentage .914 Ryan Miller
77%
Best Career Goals Against Average 2.69 Ryan Miller
77%
Most Goals 346 Markus Näslund
73%
Most Assists 410 Markus Näslund
73%
Most Points 756 Markus Näslund
73%
Most Games Played 884 Markus Näslund
73%
Most Game Winning Goals 49 Markus Näslund
73%
Most Goals 318 Trevor Linden
68%
Most Assists 415 Trevor Linden
68%
Most Points 733 Trevor Linden
68%
Most Games Played 1140 Trevor Linden
68%
Most Game Winning Goals 33 Trevor Linden
68%
Most Goals 226 Brock Boeser
64%
Most Points 482 Brock Boeser
64%
Most Game Winning Goals 31 Brock Boeser
64%
Most Games Played (Goalie) 516 Kirk McLean
59%
Most Wins 211 Kirk McLean
59%
Most Shutouts 20 Kirk McLean
59%
Most Assists 310 Alexander Edler
55%
Most Games Played 925 Alexander Edler
55%
Most Games Played 822 Alexandre Burrows
50%
Most Game Winning Goals 28 Alexandre Burrows
50%
Most Wins 55 Cory Schneider
50%
Most Shutouts 9 Cory Schneider
50%
Best Career Save Percentage .927 Cory Schneider
50%
Best Career Goals Against Average 2.20 Cory Schneider
50%
Most Games Played (Goalie) 229 Jacob Markström
45%
Most Wins 99 Jacob Markström
45%
Best Career Save Percentage .913 Jacob Markström
45%
Best Career Goals Against Average 2.73 Jacob Markström
45%
Most Goals 201 Bo Horvat
36%
Most Goals 262 Stan Smyl
36%
Most Assists 411 Stan Smyl
36%
Most Points 673 Stan Smyl
36%
Most Games Played 896 Stan Smyl
36%
Most Games Played 770 Mattias Öhlund
32%
Most Games Played (Goalie) 208 Dan Cloutier
27%
Most Wins 109 Dan Cloutier
27%
Most Shutouts 13 Dan Cloutier
27%
Best Career Save Percentage .906 Dan Cloutier
27%
Best Career Goals Against Average 2.42 Dan Cloutier
27%
Most Game Winning Goals 30 Brendan Morrison
23%
Most Games Played (Goalie) 377 Richard Brodeur
23%
Most Wins 126 Richard Brodeur
23%
Most Shutouts 6 Richard Brodeur
23%
Most Assists 353 Thomas Gradin
18%
Most Points 550 Thomas Gradin
18%
Best Career Save Percentage .907 Alex Auld
14%
Best Career Goals Against Average 2.75 Alex Auld
14%
Most Goals 250 Tony Tanti
14%
Most Points 470 Tony Tanti
14%
Most Game Winning Goals 29 Tony Tanti
14%
Most Shutouts 6 Eddie Läck
9%
Best Career Save Percentage .917 Eddie Läck
9%
Best Career Goals Against Average 2.43 Eddie Läck
9%
Most Assists 290 Dennis Kearns
5%
Most Games Played 677 Dennis Kearns
5%
Most Games Played (Goalie) 188 Gary Smith
5%
Most Wins 72 Gary Smith
5%
Most Shutouts 11 Gary Smith
5%
Most Games Played (Goalie) 136 Glen Hanlon
5%
Most Wins 43 Glen Hanlon
5%
Most Games Played 781 Harold Snepsts
5%
Best Career Save Percentage .896 Corey Hirsch
0%
Best Career Goals Against Average 3.13 Corey Hirsch
0%
Most Games Played (Goalie) 148 Dunc Wilson
0%
Most Shutouts 6 Garth Snow
0%
Best Career Save Percentage .901 Garth Snow
0%
Best Career Goals Against Average 2.90 Garth Snow
0%
No matching quizzes found
Score Distribution
Percent of People with Each Score
Percentile by Number Answered
Your Score History
You have not taken this quiz since the last reset